[Event "COL pre olympic sf"]
[Site "Bogota"]
[Date "2016.05.26"]
[Round "2"]
[White "Castillo Perez, Jaider Enrique"]
[Black "Naranjo, Sebastian"]
[Result "0-1"]
[WhiteElo "1771"]
[BlackElo "2105"]
[PlyCount "46"]
[EventDate "2016.05.25"]
[EventType "swiss"]
[EventRounds "9"]
[EventCountry "COL"]
[SourceTitle "CBM 172 Extra"]
[Source "ChessBase"]
[SourceDate "2016.06.21"]
[SourceVersion "1"]
[SourceVersionDate "2016.06.21"]
[SourceQuality "1"]

1. d4 Nf6 2. Bf4 d6 3. Nf3 Nbd7 4. e3 Nh5 5. Bd3 Nxf4 6. exf4 g6 7. f5 Bg7 8. fxg6 hxg6 9. c3 c5 10. d5 Nf6 11. Na3 Rh5 12. Qc2 Rxd5 13. 0-0 Bf5 14. Qa4+ Bd7 15. Qc2 Kf8 16. Bc4 Rh5 17. Qb3 d5 18. Be2 Qc7 19. g3 Bg4 20. Nc2 Ne4 21. Rad1 c4 22. Qa3 Ng5 23. Ncd4 Bxd4 0-1

[Event "Gobernacion op"]
[Site "Gobernacion"]
[Date "2015.11.29"]
[Round "3"]
[White "Castillo Perez, Jaider Enrique"]
[Black "Oyola, Fernando"]
[Result "1-0"]
[WhiteElo "1771"]
[BlackElo "1647"]
[PlyCount "105"]
[EventDate "2015.11.28"]
[EventType "swiss"]
[EventRounds "7"]
[EventCountry "COL"]
[SourceTitle "EXT 2017"]
[Source "ChessBase"]
[SourceDate "2016.10.25"]
[SourceVersion "1"]
[SourceVersionDate "2016.10.25"]
[SourceQuality "1"]

1. d4 Nf6 2. Bf4 d5 3. Nf3 Nc6 4. Ne5 Be6 5. e3 a6 6. Nd2 Nxe5 7. dxe5 Nd7 8. Be2 c6 9. Bg4 g6 10. Bxe6 fxe6 11. h4 Bg7 12. h5 g5 13. h6 Bxe5 14. Qh5+ Kf8 15. Bxe5 Nxe5 16. f4 Ng6 17. 0-0-0 gxf4 18. exf4 Ke8 19. g4 Kd7 20. f5 exf5 21. gxf5 Ne5 22. Rhe1 Qc7 23. Qe2 Rae8 24. Qxe5 Qxe5 25. Rxe5 Rhf8 26. c4 Kd6 27. Rde1 d4 28. c5+ Kd7 29. R1e4 d3 30. Rd4+ Kc7 31. Rxd3 Rf6 32. Rh3 Kd7 33. Ne4 Rff8 34. Ng5 Rg8 35. Nxh7 Rg1+ 36. Kc2 Rh8 37. f6 Rxh7 38. Rxe7+ Rxe7 39. fxe7 Rg2+ 40. Kc3 Rg8 41. Re3 Ke8 42. Kb4 Rh8 43. Ka5 Rxh6 44. Kb6 Rh2 45. Rb3 Rc2 46. Kxb7 Rxc5 47. Kxa6 Kxe7 48. a4 Kd6 49. Kb6 Rc1 50. Rc3 Rxc3 51. bxc3 Kd7 52. Kb7 Kd6 53. a5 1-0

[Event "Gobernacion op"]
[Site "Gobernacion"]
[Date "2015.11.28"]
[Round "2"]
[White "Ortiz Junco, Luis Carlos"]
[Black "Castillo Perez, Jaider Enrique"]
[Result "0-1"]
[WhiteElo "1596"]
[BlackElo "1771"]
[PlyCount "48"]
[EventDate "2015.11.28"]
[EventType "swiss"]
[EventRounds "7"]
[EventCountry "COL"]
[SourceTitle "EXT 2017"]
[Source "ChessBase"]
[SourceDate "2016.10.25"]
[SourceVersion "1"]
[SourceVersionDate "2016.10.25"]
[SourceQuality "1"]

1. e4 d5 2. exd5 Qxd5 3. Nc3 Qa5 4. d4 c6 5. Nf3 Nf6 6. Bd2 Bf5 7. Bc4 e6 8. Ne4 Qd8 9. Nxf6+ gxf6 10. Be3 Nd7 11. Bd3 Bg6 12. Bxg6 hxg6 13. Qe2 Qa5+ 14. c3 Bd6 15. Qd2 Qc7 16. g3 Nb6 17. Qd3 Nd5 18. 0-0-0 a5 19. Nd2 f5 20. f4 b5 21. Nf3 Ke7 22. Rhe1 a4 23. Bd2 Rhd8 24. a3 Nb6 0-1

[Event "Mosquera op"]
[Site "Mosquera"]
[Date "2014.11.03"]
[Round "9"]
[White "Mena, Yamil Octavio"]
[Black "Castillo Perez, Jaider Enrique"]
[Result "1-0"]
[WhiteElo "1989"]
[BlackElo "1636"]
[PlyCount "71"]
[EventDate "2014.10.30"]
[EventType "swiss"]
[EventRounds "9"]
[EventCountry "COL"]
[SourceTitle "EXT 2015"]
[Source "ChessBase"]
[SourceDate "2014.11.20"]
[SourceVersion "1"]
[SourceVersionDate "2014.11.20"]
[SourceQuality "1"]

1. e4 c6 2. d4 d5 3. Nc3 dxe4 4. Nxe4 Bf5 5. Ng3 Bg6 6. h4 h6 7. Nf3 Nd7 8. Bc4 e6 9. 0-0 Bd6 10. h5 Bh7 11. Qe2 Qf6 12. a4 Ne7 13. a5 0-0 14. b3 Bxg3 15. fxg3 Nf5 16. Qf2 Nd6 17. Ba3 c5 18. Bd3 Bxd3 19. cxd3 Nb5 20. Bxc5 Nxc5 21. dxc5 Qf5 22. d4 a6 23. Rac1 Na7 24. Qd2 Rad8 25. Qb4 Qd5 26. g4 Nb5 27. Rc4 Qe4 28. Re1 Qxg4 29. d5 Qxh5 30. d6 Rfe8 31. Re5 Qg6 32. Rg4 Qb1+ 33. Kh2 Qd1 34. Qf4 Kf8 35. Rh5 Nc3 36. Rxh6 1-0

[Event "Mosquera op"]
[Site "Mosquera"]
[Date "2014.10.31"]
[Round "3"]
[White "Castillo Perez, Jaider Enrique"]
[Black "Lopez Idarraga, Daniel Eduardo"]
[Result "1/2-1/2"]
[WhiteElo "1636"]
[BlackElo "2030"]
[PlyCount "92"]
[EventDate "2014.10.30"]
[EventType "swiss"]
[EventRounds "9"]
[EventCountry "COL"]
[SourceTitle "EXT 2015"]
[Source "ChessBase"]
[SourceDate "2014.11.20"]
[SourceVersion "1"]
[SourceVersionDate "2014.11.20"]
[SourceQuality "1"]

1. e4 c5 2. Nf3 d6 3. d4 cxd4 4. Nxd4 Nf6 5. Nc3 Nc6 6. Be2 g6 7. Be3 Bg7 8. Qd2 0-0 9. 0-0-0 Qa5 10. Nb3 Qc7 11. Bh6 Bxh6 12. Qxh6 a5 13. h4 a4 14. Nd4 Nxd4 15. Rxd4 Be6 16. h5 a3 17. hxg6 fxg6 18. g4 axb2+ 19. Kd2 Rac8 20. Qe3 Bxa2 21. g5 Nxe4+ 22. Rxe4 e5 23. Qd3 Qxc3+ 24. Qxc3 Rxc3 25. Kxc3 b1Q 26. Rxb1 Bxb1 27. Bc4+ Kg7 28. Re1 Rc8 29. Rxb1 d5 30. Rxb7+ Kg8 31. Rb4 Kf7 32. Kd3 dxc4+ 33. Rxc4 Rd8+ 34. Ke4 Ke6 35. Rc6+ Kd7 36. Rf6 Ke7 37. Kxe5 Rc8 38. Ra6 Rc5+ 39. Kd4 Rxc2 40. f4 Re2 41. Ra7+ Ke6 42. Rxh7 Kf5 43. Rf7+ Kg4 44. Rf6 Rf2 45. Ke5 Re2+ 46. Kd6 Re4 1/2-1/2